1973 1793 1715 1449 1338 1396 1799 1964 1113 1401 1998 1390 1948 1402 1958 1165 1215 1529 1242 1537 1737 1208 1524 1630 1060 1470 1241 1839 1071 1638 1484 1960 1761 1629 1467 1583 1098 1740 1964 1260 1400 1082 1590 1829 1162 1690 1269 1346 1138 1032 1141 1810 1406 1862 1918 1393 1852 1959 1396 1102 1254 1204 1441 1553 1525 1184 1199 1906 1542 1975 1890 1777 1842 1182 1523 1797 1076 1300 1552 1096 1438 1744 1274 1243 1417 1276 1585 1047 1789 1665 1515 1087 1463 1110 1241 1091 1488 1317 1485 BCNSPRNW ULIB Ver.6.0+V

เปลี่ยนเป็นภาษาไทย

Change to English
 แสดงรายละเอียดบรรณานุกรม
  กลับหน้าหลัก

Brief Record : Get Marc (ISO 2709) : E-mail record : QR code < ปิดหน้าต่าง
LEADER : 00000nam 2200000uu 4500
001    13399123217
003     ULIB
008    020711s2550 th a 000 0 tha d
020    9789748458212
090    นว.^bร111ค
100    รัมย์
245    คุณชายติดหรู vs คุณหนูติดดิน /^cรัมย์
250    พิมพ์ครั้งที่ 1
260    กรุงเทพฯ :^b1168พับลิชชิ่ง,^c2550
300    384 หน้า;^b21 ซม.
710    1168พับลิชชิ่ง
945    ^p219^l0^i20353
999    ^aทศพร เกษรทอง
รายการนี้ยังไม่มีแท็ก
คุณยังไม่ได้ล็อกอิน คุณสามารถมีกิจกรรมร่วมกับเว็บไซต์ได้ แต่ต้องล็อกอินก่อน ::
  ล็อกอิน

รายการสื่อสารสนเทศ

ลำดับที่ ประเภท เลขเรียก/บาร์โค้ด สถานที่ สถานะ
1. นวนิยาย
นวนิยาย
นว. ร111ค ฉ.1 
  Barcode: 20353
ห้องสมุดวิทยาเขตนครสวรรค์
►นวนิยาย:l:Fiction
บนชั้น

รายการใกล้เคียง
    ผู้แต่ง [รัมย์]

BibComment


ยังไม่เคยถูกคอมเมนท์

คอมเมนท์ทรัพยากรรายการนี้
  คอมเมนท์: คุณชายติดหรู vs ค..


 Copyright 2026. Bcnsprnw @Library